1721 1668 1360 1433 1617 1597 1487 1755 1119 1145 1155 1376 1759 1732 1439 1282 1893 1652 1983 1327 1313 1946 1662 1311 1272 1895 1700 1490 1570 1592 1226 1169 1824 1371 1906 1405 1623 1020 1051 1065 1789 1752 1230 1947 1463 1810 1413 1809 1801 1043 1879 1927 1800 1786 1279 1174 1812 1556 1167 1843 1041 1321 1631 1691 1310 1138 1183 1691 1011 1834 1329 1358 1935 1182 1417 1733 1677 1912 1183 1739 1337 1683 1943 1503 1851 1245 1346 1319 1518 1382 1526 1393 1169 1510 1909 1846 1126 1766 1902 BCNSPRNW ULIB Ver.6.0+V

เปลี่ยนเป็นภาษาไทย

Change to English
 แสดงรายละเอียดบรรณานุกรม
  กลับหน้าหลัก

Brief Record : Get Marc (ISO 2709) : E-mail record : QR code < ปิดหน้าต่าง
LEADER : 00000nam 2200000uu 4500
001    13399108700
003     ULIB
008    110311s2548||||th 000 0 tha d
060  4 QZ200^bส984ค 2548
110 1  กระทรวงสาธารณสุข^bกรมการแพทย์^bสถาบันมะเร็งแห่งชาติ^bศูนย์มะเร็งลพบุรี
245 00 คู่มือการควบคุมอาการปวดสำหรับผู้ป่วยมะเร็งและครอบครัว/^cศูนย์มะเร็งลพบุรี
250    พิมพ์ครั้งที่ 1
260    ลพบุรี:^bศูนย์มะเร็ง ลพบุรี,^c2548
300    46 หน้า:^bภาพประกอบ
650  7 การดูแลตนเอง^xผู้ป่วยมะเร็ง
945    ^p0^l0^i017710
945    ^p0^l0^i017709
945    ^p0^l0^i017708
945    ^p0^l0^i017717
945    ^p0^l0^i017715
945    ^p0^l0^i017713
945    ^p0^l0^i017711
995    ทศพร
999 ^a ใช้งานได้ทุกระบบ
รายการนี้ยังไม่มีแท็ก
คุณยังไม่ได้ล็อกอิน คุณสามารถมีกิจกรรมร่วมกับเว็บไซต์ได้ แต่ต้องล็อกอินก่อน ::
  ล็อกอิน

รายการสื่อสารสนเทศ

ลำดับที่ ประเภท เลขเรียก/บาร์โค้ด สถานที่ สถานะ
- ไม่พบข้อมูล -

BibComment


ยังไม่เคยถูกคอมเมนท์

คอมเมนท์ทรัพยากรรายการนี้
  คอมเมนท์: คู่มือการควบคุมอา..


 Copyright 2026. Bcnsprnw @Library